01581nam a2200433 i 450000100060000000300080000600500170001400600190003100700150005000800410006501700230010602000270012903500220015604000310017805000210020908000160023008200140024610000280026024500540028825000180034226400530036030000400041333600310045333700330048433800430051749000420056050000220060258800830062459001620070765000130086965000390088265000420092165000160096365500270097979700180100683000430102485600630106799900170113051067FINmELB20241216232257.0m o d | cr cnu||||||||230328s2001 sp o 001 0 spa d aM-12116-2001b2001 a9788485498390q(print) a(OCoLC)1377203547 aFINmELBbspaerdacFINmELB 4aRG560bA552 2001 a618.2:159.904a618.22231 aAndino, Lidia,eautora.10aPsicoanálisis de la maternidad /cLidia Andino. a2a edición. 1aMadrid, España :bEditorial Grupo Cero,c2001. a1 recurso en línea (96 páginas) atextobtxt2rdacontent/spa acomputadorabc2rdamedia/spa arecurso en líneabcr2rdacarrier/spa1 aColección Extensión Universitaria aIncluye índice. aDescripción basada en metadatos suministrados por el editor y otras fuentes. aRecurso electrónico. Santa Fe, Arg.: elibro, 2023. Disponible vía World Wide Web. El acceso puede estar limitado para las bibliotecas afiliadas a elibro. 4aCrianza. 4aEmbarazoxAspectos psicológicos. 4aFamilia y relaciones interpersonales. 4aMaternidad. 4aLibros electrónicos.2 aelibro, Corp. 0aColección Extensión Universitaria.40uhttps://elibro.net/ereader/politecnicointernacional/204143 c51067d51067